Quizzes
Events
Quiz Creation
Community
Videos
Private Events
Remove Ads
Sign In
Join for FREE
Feedback
Dark Mode
Quiz Categories
Sports
Geography
Music
Movies
Television
Just For Fun
Miscellaneous
History
Literature
Language
Science
Gaming
Entertainment
Religion
Holiday
For Kids
Quiz Lab
Recent
Popular Today
Quiz Kudos Today
Editor Picks
Curator Picks
Quizzes by...
Day
Popularity
Type
Ratings
Length
Year
Community
Subscriptions
Recent Discussions
Orange Saloon
Badges
Playlists
Quests
Create
Leaderboards
Showdown
Live 5
Trivia Bingo
Activity
Puzzle Library
Sporcle Events
Private Events
Virtual Trivia
Globe League
Become a Host
Pub Owners
SporcleCon
Opinionation
Our Games
Videos
Blog
Mobile Apps
Partnerships
Remove Ads and Go Orange
Feedback
Geography
Country
Landmarks
City
State
Population
World
Capital
Continent
Flags
Europe
Africa
Asia
South America
North America
Oceania
Border
Canada
United Kingdom
Topography
United States
Geography
Country
Landmarks
City
State
Population
World
Capital
Continent
Flags
Europe
Africa
Asia
South America
North America
Oceania
Border
Canada
United Kingdom
Topography
United States
Random Quiz
Search Sporcle
×
Quiz Lab
Quiz Lab
Geography
Continent
Type in answers that appear in a list
Type in answers that appear in a list
Classic
Best Score? Go Orange.
Countries on PM Equator Cancer & Capricorn Stats
Can you name the countries on the prime meridian, equator, tropic of cancer and tropic of capricorn?
By
Treverbeast454
7m
48 Questions
324 Plays
324 Plays
324 Plays
Comments
Comments
Give Quiz Kudos
Give Quiz Kudos
-
- Ratings
hide this ad
Replay
Link that replays current quiz
Next Quiz
Link to next quiz in quiz playlist
You Got
0%
They Got
Avg Score
61%
Avg Friend Score
Upgrade to see
Score Distribution
Jump to the score distribution portion of the page
Score
0/48
Timer
07:00
0
Plays Today
Which Imaginary Line(s)
Country
% Correct
Tropic of Cancer
Mexico
88.3%
Tropic of Capricorn & Equator
Brazil
86.4%
Tropic of Cancer & Prime Meridian
Mali
81.2%
Tropic of Cancer
Egypt
81.2%
Tropic of Cancer & Prime Meridian
Algeria
80.6%
Tropic of Cancer
India
78.7%
Tropic of Cancer
Western Sahara
75.6%
Tropic of Cancer
Libya
75.6%
Equator
Ecuador
74.7%
Tropic of Cancer
Niger
74.1%
Tropic of Capricorn
Chile
74.1%
Tropic of Capricorn
Australia
73.5%
Tropic of Capricorn
Argentina
73.1%
Tropic of Cancer
Saudi Arabia
72.8%
Tropic of Cancer
Mauritania
71.6%
Tropic of Cancer
China
71.3%
Tropic of Cancer
Chad
69.4%
Equator
Kenya
69.4%
Prime Meridian
United Kingdom
69.4%
Prime Meridian
France
68.2%
Tropic of Cancer
Oman
67.9%
Equator
Indonesia
67%
Tropic of Cancer
Bahamas
66.7%
Tropic of Capricorn
Paraguay
65.7%
Which Imaginary Line(s)
Country
% Correct
Prime Meridian
Spain
64.8%
Tropic of Capricorn
South Africa
63.9%
Equator
Democratic Republic of the Congo
63%
Tropic of Capricorn
Namibia
62.7%
Equator
Somalia
61.4%
Tropic of Capricorn
Botswana
60.8%
Equator
Uganda
59.9%
Tropic of Cancer
Myanmar
59%
Equator
Gabon
59%
Prime Meridian
Ghana
58.3%
Tropic of Cancer
Bangladesh
58%
Prime Meridian
Togo
57.4%
Tropic of Capricorn
Mozambique
55.9%
Equator
Republic of the Congo
54.6%
Tropic of Capricorn
Fiji
54.3%
Tropic of Capricorn
Madagascar
54.3%
Equator
Colombia
52.8%
Prime Meridian
Burkina Faso
49.7%
Tropic of Capricorn
Tonga
48.5%
Tropic of Cancer
United Arab Emirates
32.1%
Tropic of Capricorn
Cook Islands
11.7%
Tropic of Capricorn
French Polynesia
9.6%
Tropic of Capricorn
New Caledonia
8.6%
Tropic of Capricorn
Coral Sea Islands
6.5%
Quiz Playlist
Details
Report
Send in Message
Add To Playlist
Classic:
Type in answers that appear in a list
Last Updated: Feb 16, 2017
Quiz Scoreboard
CHALLENGE
Sign Up to Join the Scoreboard
Show All
Scores
Hide
Comments
May contain spoilers
Recently Published
Decade Duel: World Leaders
by jenniferyan
History
4m
Alphabetical 'K' Countries by Flag Minefield
by ylime102
Geography
3m
Pick 6: Fruits
by JohnFran
Miscellaneous
15s
More to Explore
Quiz From the Vault
Featured Blog Post
15 Basketball Trivia Facts You Can Be March Mad About
hide this ad
You Might Also Like...
Tags
Continent Quiz
Country Quiz
Cancer
Capricorn
Equator
Imaginary
Meridian
prime
Prime Meridian
tropic
Today's Top Quizzes in Geography
Browse Geography
hide this ad
Today's Top Quizzes in Continent
Browse Continent
Top Contributed Quizzes in Geography
1
Countries of the World - No Outlines Minefield
2
Pick 6: Mountains
3
Least Populated Answer: 'G' Countries
4
Alphabetical 'L' Countries By Flag Minefield
5
Lietuvos savivaldybės (Lithuanian Municipalities)
6
Alphabetical 'M' Countries By Flag Minefield
7
Pick 6: National Parks
8
Pick 6: US States
9
Blind Ultimate Minefield: Europe
10
'A' Countries In Alphabetical Order by Flag
Explore More
Trending Topics
NBA
Disney
Kpop
Crossword
Marvel
Harry Potter
Anime
WWE
Song
Country
Pokémon
NFL
Puzzle
The Office
Soccer
hide this ad
More By:
Treverbeast454
Quiz
Plays
Rating
Category
Featured
Created
Name the Month by US Holiday
284,745
3.98
Holiday
Apr 9, 2011
NFL Team by Star Wars Helmet
276,984
4.54
Sports
Feb 7, 2014
SpongeBob Logic Puzzle
248,521
4.40
Television
Nov 19, 2012
Germany's Borders
195,437
4.46
Geography
Sep 13, 2011
Disney, Nickelodeon, or Cartoon Network
162,252
4.30
Television
Nov 27, 2010
Go to Creator's Profile
Score Distribution
Quiz Creator Spotlight
Treverbeast454
Follow
Send a Message
Quizzes Created
-
Created Quiz Play Count
-
More By This Creator
Popular Quizzes Today
1
Countries of Asia Without Outlines Minefield
2
Find the US States - No Outlines Minefield
3
Pick 6: Fruits
4
Alphabetical 'K' Countries by Flag Minefield
5
The Countries of the World
6
Find the Countries of Europe - No Outlines Minefield
7
Find the US States
8
US States
More Geography Quizzes
Europe by Any 2 Letters Blitz (no N)
Quiz Lab
Trending Quizzes
Pick 6: Mountains
Pick 6: Harry Potter
Pick 6: Flags
Pick 6: NFL Teams
Pick 6: Movie Franchises
Recently Updated
Adaptations: Name the Title
pecheneg
NWSL Teams
pecheneg
Women's Final Four Teams by Year
bhenderson79
Presidents Quartet II
eogle
Anything But Clue(do)
eogle
Anything But Oceanian Capitals
eogle
Anything But 7
eogle
Anything But Thing
eogle
Word Ladder: February 29
pecheneg
Song Title Questions
pecheneg
Trending Topics
Kpop
Marvel
Crossword
Harry Potter
NBA
Disney
Anime
The Office
Song
Puzzle
Pokémon
Soccer
WWE
Country
NFL
Your Account Isn't Verified!
In order to create a playlist on Sporcle, you need to verify the email address you used during registration. Go to your
Sporcle Settings
to finish the process.
Report this User
Report this user for behavior that violates our
Community Guidelines
.
Details:
Send Report
Go to the Sporcle.com Mobile Site →
Comments